Statistics for Scream 2 Trivia

Click here to take the quiz!

General Stats

  • This quiz has been taken 64 times
  • The average score is 6 of 10

Answer Stats

HintAnswer% Correct
What movie is playing at the cinema in the opening act?Stab
95%
Who were the killers?Nancy Loomis and Mickey
72%
What was the name of Sidney's boyfriend?Derek
67%
I'm gonna blame the ______movies
60%
The way I see it, someone's out to make a ______sequel
58%
Who was the first Ghostface Victim?Phil
49%
What is the name of Sarah Michelle Gellar's character?Cici
47%
What was the name of Sidney's best friend?Hallie
47%
What was the name of Gale's book?The Woodsboro Murders
44%
Who played Sidney in Stab?Tori Spelling
42%

Score Distribution

Percentile by Number Answered

Percent of People with Each Score

Your Score History

You have not taken this quiz